000 01201nam a22002897a 4500
001 5271
003 FISKH
005 20241204153726.0
008 241122b cb ||||| |||| 00| 0 eng d
020 _a9781841351933
040 _aFISKH
_beng
_cFISKH
_dFISKH
082 _a398.2
100 _aAward, Anna
245 _aThe Gingerbread man /
_cRewritten by Jackie Andrews Illustrated by Terry Burton
250 _aPublished in 2010
260 _aNottinghamshire :
_bAward Publications,
_c2010.
300 _a26 pages :
_bcolor illustrations ;
_c27 cm
505 _aG
520 _a"You can't catch me, I'm the Gingerbread Man!" But should the Gingerbread Man balance confidence with caution? With simple text in large type, to encourage the reading confidence of young readers, each story is packed with bright, colourful illustrations to bring the story to life. Perfect for sharing together at story time, or for youngsters to embark on their own, independent, reading adventures.
521 8 _a380L
_bLexile
521 8 _aG
_bRaz-Plus
650 _2Gingerbread
_aRunning
650 _2Fox
_aEatting
700 _aBurton, Terry
_dIllustrator
942 _2ddc
_cBK
_n0
999 _c5271
_d5271